000 00668nam a2200241 a 4500
001 000044833
003 DO-SdBNP
005 20230222134256.0
007 ta
008 150113s2014 dr 000 j spa d
020 _a9789945166323
040 _aDO-SdBNP
_bspa
_cBNPHU
082 4 _222
_bC965c
100 1 _aCuello, Henri,
_d1962 -
_972850
245 1 0 _a13 Cuentos sucios /
_cHenri Cuello.
246 1 0 _aTrece cuentos sucios
260 _aSanto Domingo :
_bBúho,
_c2014.
300 _a204 p. ;
_c23 cm.
500 _aIncluye datos biografícos del autor en la solapa de la cubierta
590 _aInventariado, 2023 / DG
910 _aDG
942 _2ddc
_cLBS1
999 _c44322
_d44322